பேனா முனைகளின் .....சாதனைகள் -

Saved in:
Bibliographic Details
Main Author: மேத்தா
Format: Book
Published: சென்னை குட்புக்ஸ் பப்ளிகேஷன்ஸ் 2001
Edition:1
Tags: Add Tag
No Tags, Be the first to tag this record!

MARC

LEADER 00000nam a2200000Ia 4500
999 |c 9875  |d 9875 
020 |a -  
082 |a 923  |b மேத்தா 
100 |a மேத்தா 
245 |a பேனா முனைகளின் .....சாதனைகள்  |b -  |c மேத்தா 
250 |a 1 
260 |a சென்னை   |b குட்புக்ஸ் பப்ளிகேஷன்ஸ்  |c 2001 
300 |a 268  
942 |c REF